|
|
|
|
| LEADER |
00000nam0a2200000 4500 |
| 001 |
21336 |
| 005 |
20231101205425.0 |
| 035 |
|
|
|a (RuTPU)RU\TPU\book\21534
|
| 035 |
|
|
|a BOOK00006227
|
| 090 |
|
|
|a 21336
|
| 100 |
|
|
|a 20011209d1991 m y0rusy50 ca
|
| 101 |
0 |
|
|a rus
|
| 102 |
|
|
|a RU
|
| 105 |
|
|
|a a b 000zy
|
| 200 |
1 |
|
|a Русское церковное искусство XVIII - начала XX вв. в немузейных собраниях Ульяновской области
|e Каталог
|f В. К. Цодикович
|g Ульяновский областной художественный музей
|
| 210 |
|
|
|a Ульяновск
|d 1991
|
| 215 |
|
|
|a 404 с.
|c ил.
|
| 606 |
1 |
|
|a Иконография
|2 stltpush
|3 (RuTPU)RU\TPU\subj\12375
|9 39170
|
| 610 |
1 |
|
|a искусство
|
| 610 |
1 |
|
|a христианство
|
| 610 |
1 |
|
|a Россия
|
| 610 |
1 |
|
|a 18 век
|
| 610 |
1 |
|
|a 19 век
|
| 610 |
1 |
|
|a 20 век
|
| 610 |
1 |
|
|a церковное искусство
|
| 610 |
1 |
|
|a иконопись
|
| 610 |
1 |
|
|a каталоги
|
| 675 |
|
|
|a 7.04
|v 3
|
| 700 |
|
1 |
|a Цодикович
|b В. К.
|g Владимир Клавдиевич
|
| 712 |
0 |
2 |
|a Ульяновский областной художественный музей
|2 stltpush
|3 (RuTPU)RU\TPU\col\13103
|9 25598
|
| 801 |
|
0 |
|a RU
|b 63413507
|c 20011209
|g PSBO
|
| 801 |
|
2 |
|a RU
|b 63413507
|c 20141105
|g PSBO
|
| 942 |
|
|
|c BK
|